Finančné trhy ako súčasť ekonomického systému

Inštitúcie finančného trhu. Typy obchodov na finančných trhoch. Typy investičných aktív. Akcie. Dlhopisy. Investičný proces.

Salvato in:
Dettagli Bibliografici
Autore principale: Árendáš, Peter, 1986-
Natura: Capitolo di libro
Lingua:slovacco
Soggetti:
Tags: Aggiungi Tag
Nessun Tag, puoi essere il primo ad aggiungerne!!

MARC

LEADER 00000naa$a2200000$$$4500
001 0314368
005 20260126145616.3
041 0 |a slo 
044 |a CZ 
245 1 0 |a Finančné trhy ako súčasť ekonomického systému  |c Peter Árendáš 
520 |a Inštitúcie finančného trhu. Typy obchodov na finančných trhoch. Typy investičných aktív. Akcie. Dlhopisy. Investičný proces. 
610 2 0 |a trh finančný 
610 2 0 |a investovanie 
610 2 0 |a riziko investičné 
610 2 0 |a výnosy 
610 2 0 |a akcie 
610 2 0 |a dlhopisy 
100 1 |a Árendáš, Peter, 1986-